[Event "Madrid San Viator op 23rd"]
[Site "Madrid"]
[Date "2014.09.28"]
[Round "1"]
[White "Cabanas Bravo, Juan Andres"]
[Black "Sanz Varea, Jose M"]
[Result "1-0"]
[WhiteElo "2058"]
[BlackElo "1886"]
[PlyCount "55"]
[EventDate "2014.09.28"]
[EventType "swiss"]
[EventRounds "9"]
[EventCountry "ESP"]
[SourceTitle "EXT 2016"]
[Source "ChessBase"]
[SourceDate "2015.10.08"]
[SourceVersion "1"]
[SourceVersionDate "2015.10.08"]
[SourceQuality "1"]

1. e4 Nf6 2. e5 Nd5 3. Nf3 d6 4. Bc4 dxe5 5. Nxe5 Be6 6. d4 g6 7. Qf3 Bg7 8. Qb3 0-0 9. Qxb7 Nb6 10. Bxe6 fxe6 11. Qe4 Qe8 12. Nc3 a6 13. 0-0 N8d7 14. Ng4 e5 15. Nxe5 Nxe5 16. dxe5 e6 17. Be3 Nd7 18. f4 Qe7 19. Rad1 Rab8 20. b3 Rfd8 21. Qc4 Bh6 22. Qxc7 Qb4 23. a3 Qe7 24. Ne4 Bg7 25. Nd6 Bf8 26. a4 Qg7 27. Qc4 Qe7 28. Qxa6 1-0

[Event "Collado Villalba op-B 29th"]
[Site "Collado Villalba"]
[Date "2012.08.27"]
[Round "4"]
[White "Sanz Varea, Jose M"]
[Black "Ruiz Escobar, Israel"]
[Result "0-1"]
[WhiteElo "1710"]
[BlackElo "1791"]
[PlyCount "27"]
[EventDate "2012.08.24"]
[EventType "swiss"]
[EventRounds "9"]
[EventCountry "ESP"]
[SourceTitle "CBM 150 Extra"]
[Source "ChessBase"]
[SourceDate "2012.10.19"]
[SourceVersion "1"]
[SourceVersionDate "2012.10.19"]
[SourceQuality "1"]

1. f4 d5 2. Nf3 Nf6 3. e3 e6 4. b3 c5 5. Bb2 Nbd7 6. Bd3 Be7 7. 0-0 Qc7 8. c4 dxc4 9. Bxc4 a6 10. Bd3 b5 11. Qc2 Bb7 12. Na3 Rc8 13. Rac1 Qa5 14. Qc3 0-1